000 00486nam a22001817a 4500
003 CEME
005 20210628205243.0
008 210204b xxu||||| |||| 00| 0 eng d
020 _a0-07-136359-9
040 _c.
082 _a621.46028 HAN
100 _aHand, Augie
_974605
245 _aElectric motor maintenance and troubleshooting
260 _aNEW YORK
_bMCGRAW HILL
_c2002
300 _aIX,430P
650 _aELECTRIC MOTORS MAINTENANCE AND REPAIR
_974606
942 _cBK
_2ddc
999 _c580118
_d580118